00424nam a22001577a 450000500170000001000150001702000260003203500140005803700130007208200140008510000160009924500480011526000410016327000420020430000200024620170405115726.0 aENG-117482 a9789382632115c750.00 aEN-101014 bDBAD/PUB a791.31954 aBeri, Seema aClassical dances of India /cby Seema Beri  aAllahbadbAprajita Publicationc2016 a5, khusro Bagh RoadbAllahbade211001 a318p.b24cm(Hb)